000 00763nam a2200193 i 4500
001 24983
003 ES-MaACL
005 20250913164832.0
007 t|
008 021219s1975 sp ||||1| spa d
100 1 _aAnhert Iglesias, C.
_921796
245 1 1 _a"Penélope-citation
_b: sistema de códigos para cálculo neutrónico de reactores nucleares mediante teoría de difusión, con realimentación de secciones eficaces" /
_cpor C. Anhert Iglesias, J. M. Martínez-Val Peñalosa.
260 _aMadrid :
_bJunta de Energía Nuclear,
_c1975.
300 _a79 p. ;
_c30 cm.
700 1 _aMartínez-Val, José María,
_d1951-
_978458
710 2 _aJunta de Energía Nuclear (España)
_95390
852 _aES-MaACL
_jE-8093
_bR.92431
999 _c24983
_d24983